000 00298nam a22001337a 4500
008 171031b xxu||||| |||| 00| 0 eng d
020 _a1595420061
041 _aeng
080 _27TH
_a33
100 _a59
101 _aBUS
245 _aFOUNDATION FUNDAMENTALS
_cSCHLADWEILER,K
942 _2udc
_cBK
999 _c36919
_d36919